000 00283nam a22001097a 4500
008 230704b xxu||||| |||| 00| 0 eng d
082 _a341.4
_bUN
100 _cUN
245 _aCompendium of International Conventions Concerning the Status of Women
300 _a185p
942 _2ddc
_cBK
999 _c3754
_d3754